|
|
|
|
| LEADER |
00000nam0a2200000 4500 |
| 001 |
225149 |
| 005 |
20241017163148.0 |
| 010 |
|
|
|b 700 экз.
|
| 035 |
|
|
|a (RuTPU)RU\TPU\book\245482
|
| 090 |
|
|
|a 225149
|
| 100 |
|
|
|a 20121106d1926 m y0rusy50 ca
|
| 101 |
0 |
|
|a rus
|
| 102 |
|
|
|a RU
|
| 105 |
|
|
|a a j 001zy
|
| 200 |
1 |
|
|a Основы кристаллографии
|e курс, читанный студентам Геолого-Разведочного и Горно-Заводского Факультетов в Ленинградском Горном Институте в 1924 году
|f проф. А. К. Болдырев
|g сост. А. М. Болдыревой и Е. А. Пресняковым по лекциям и под ред. профессора А. К. Болдырева
|
| 210 |
|
|
|a Ленинград
|c Свето-Литография Морсил РККФ
|d 1926
|
| 215 |
|
|
|a [4], 186 с.
|c черт.
|
| 300 |
|
|
|a Литографированное издание.
|
| 610 |
1 |
|
|a кристаллография
|
| 610 |
1 |
|
|a симметрия
|
| 610 |
1 |
|
|a эмпирические законы
|
| 610 |
1 |
|
|a кристаллохимическое строение
|
| 610 |
1 |
|
|a оптика
|
| 610 |
1 |
|
|a рентгенометрия
|
| 610 |
1 |
|
|a учебники
|
| 610 |
1 |
|
|a учебные пособия
|
| 610 |
1 |
|
|a коллекция русских учебников
|
| 675 |
|
|
|a 548(075)
|v 3
|
| 700 |
|
1 |
|7 ca
|8 rus
|a Болдырев
|b А. К.
|c кристаллограф, минералог, математик
|c доктор геолого-минералогических наук, профессор Ленинградского горного института
|f 1883-1946
|g Анатолий Капитонович
|9 88627
|
| 702 |
|
1 |
|a Болдырева
|b А. М.
|4 220
|
| 702 |
|
1 |
|a Пресняков
|b Е. А.
|4 220
|
| 801 |
|
1 |
|a RU
|b 63413507
|c 20121106
|
| 801 |
|
2 |
|a RU
|b 63413507
|c 20150610
|g RCR
|
| 942 |
|
|
|c BK
|